| 000 | 00610nam a22002177a 4500 | ||
|---|---|---|---|
| 003 | BUBTL | ||
| 008 | 140129b xxu||||| |||| 00| 0 eng d | ||
| 020 | _a81-203-1609-6 | ||
| 082 |
_a658.8 _bKOM |
||
| 100 |
_952 _aKotler, Philip |
||
| 245 |
_aMarketing Management/ _cby Philip Kotler. |
||
| 250 | _a10th ed. | ||
| 260 |
_aNew Delhi: _bPrentice hall, _cc2000. |
||
| 300 |
_axxxi, 718p.: _bills., chats., pics., _c27 cm. |
||
| 500 | _aIncludes Index . | ||
| 650 | 0 |
_953 _aMarketing |
|
| 650 | 0 |
_9169 _aMarketing Management |
|
| 856 |
_k0 _l0 _yDownload |
||
| 942 |
_2ddc _cBK |
||
| 999 |
_c32 _d32 |
||